[Event "CZE-chT1E 1415"]
[Site "Czech Republic"]
[Date "2014.12.07"]
[Round "4.8"]
[White "Sysel, Michal"]
[Black "Sevcik, Vladimir"]
[Result "1/2-1/2"]
[WhiteElo "1970"]
[BlackElo "2195"]
[PlyCount "22"]
[EventDate "2014.10.19"]
[EventType "team-tourn"]
[EventRounds "11"]
[EventCountry "CZE"]
[SourceTitle "CBM 163 Extra"]
[Source "ChessBase"]
[SourceDate "2014.12.23"]
[SourceVersion "1"]
[SourceVersionDate "2014.12.23"]
[SourceQuality "1"]
[WhiteTeam "Brno Duras II"]
[BlackTeam "Brno Duras"]
[WhiteTeamCountry "CZE"]
[BlackTeamCountry "CZE"]

1. d4 Nf6 2. Nf3 c5 3. c3 e6 4. e3 d5 5. Bd3 Nc6 6. Nbd2 Be7 7. 0-0 0-0 8. b3 b6 9. Bb2 Bb7 10. Rc1 Rc8 11. Re1 Qc7 1/2-1/2

[Event "Bohemia South-chT 0405"]
[Site "Czech Republic"]
[Date "2005.??.??"]
[Round "?"]
[White "Fojtik, Tomas"]
[Black "Sysel, Michal"]
[Result "0-1"]
[WhiteElo "2030"]
[BlackElo "1965"]
[PlyCount "88"]
[EventDate "2004.10.??"]
[EventType "team-tourn"]
[EventRounds "11"]
[EventCountry "CZE"]
[SourceTitle "EXT 2007"]
[Source "ChessBase"]
[SourceDate "2006.11.23"]
[SourceVersion "1"]
[SourceVersionDate "2006.11.23"]
[SourceQuality "1"]

1. d4 Nf6 2. c4 g6 3. Nc3 d5 4. e3 Bg7 5. Nf3 0-0 6. h3 c5 7. Be2 Nc6 8. 0-0 cxd4 9. Nxd4 e5 10. Nxc6 bxc6 11. cxd5 cxd5 12. b3 Bb7 13. Bb2 Qe7 14. Rc1 Rac8 15. Bf3 Rfd8 16. Re1 a6 17. g3 Qd7 18. Bg2 Ne8 19. Na4 Qd6 20. Qd2 Rc7 21. Rxc7 Nxc7 22. Rc1 Ne6 23. Rd1 Bc6 24. Qa5 Bxa4 25. Qxa4 d4 26. Qc4 Qb6 27. exd4 exd4 28. Bd5 Qd6 29. Be4 h5 30. Kg2 Nc5 31. Bf3 Ne6 32. h4 Rd7 33. Qa4 Nc5 34. Qa5 Ne6 35. Qd2 Rc7 36. Rc1 Rxc1 37. Qxc1 Nc5 38. Qc4 Ne6 39. Bd5 Be5 40. Bxe6 fxe6 41. Qd3 Kh7 42. Bc1 Qc6+ 43. Qf3 Qxc1 44. Qf7+ Bg7 0-1

[Event "Olexa Memorial op-A"]
[Site "Brno"]
[Date "2001.12.31"]
[Round "9.8"]
[White "Sysel, Michal"]
[Black "Paral, Stanislav"]
[Result "0-1"]
[WhiteElo "1901"]
[BlackElo "2016"]
[PlyCount "40"]
[EventDate "2001.12.25"]
[EventType "swiss"]
[EventRounds "9"]
[EventCountry "CZE"]
[SourceTitle "EXT 2003"]
[Source "ChessBase"]
[SourceDate "2002.11.25"]
[SourceVersion "1"]
[SourceVersionDate "2002.11.25"]
[SourceQuality "1"]

1. e4 Nf6 2. e5 Nd5 3. d4 d6 4. c4 Nb6 5. f4 dxe5 6. fxe5 Nc6 7. Be3 Bf5 8. Nf3 Nb4 9. Na3 e6 10. Be2 c5 11. dxc5 Qxd1+ 12. Rxd1 Na4 13. b3 Nxc5 14. Nb5 Nc2+ 15. Kf2 Ne4+ 16. Kg1 Nxe3 17. Nc7+ Ke7 18. Nxa8 Nxd1 19. Bxd1 Kd7 20. Kf1 Nc3 0-1